Sustainable refurbishment of non-traditional housing and pre-1920s solid wall housing (Record no. 110428)

MARC details
000 -LEADER
fixed length control field 00911cam a22002535a 4500
001 - CONTROL NUMBER
control field E149224
008 - FIXED-LENGTH DATA ELEMENTS--GENERAL INFORMATION
fixed length control field 100208s2010 xxko f 000 0 eng d
020 ## - INTERNATIONAL STANDARD BOOK NUMBER
International Standard Book Number 9781848061194
035 ## - SYSTEM CONTROL NUMBER
System control number (Sirsi) u149224
041 0# - LANGUAGE CODE
Language code of text/sound track or separate title eng
050 04 - LIBRARY OF CONGRESS CALL NUMBER
Classification number 690.24 $2 18
100 1# - MAIN ENTRY--PERSONAL NAME
Personal name King, Colin
245 00 - TITLE STATEMENT
Title Sustainable refurbishment of non-traditional housing and pre-1920s solid wall housing
260 ## - PUBLICATION, DISTRIBUTION, ETC.
Place of publication, distribution, etc. Watford
Name of publisher, distributor, etc. BRE
Date of publication, distribution, etc. 2010
300 ## - PHYSICAL DESCRIPTION
Extent 12p.
Other physical details ill.
Dimensions 30cm.
490 #0 - SERIES STATEMENT
Series statement BRE Information Paper
Volume/sequential designation (3/10)
520 ## - SUMMARY, ETC.
Summary, etc. Looks at ways in which the energy performance of non-traditional housing types such as No Fines and Cornish can be improved during refurbishment work through the use of a 'whole house' approach.
521 ## - TARGET AUDIENCE NOTE
Target audience note Advanced
590 ## - LOCAL NOTE (RLIN)
Local note KA
651 #4 - SUBJECT ADDED ENTRY--GEOGRAPHIC NAME
Geographic name United Kingdom
Chronological subdivision
690 ## - LOCAL SUBJECT ADDED ENTRY--TOPICAL TERM (OCLC, RLIN)
Topical term or geographic name as entry element ENVIRONMENTAL AND LAND CONSULTANCY-ENERGY-ENERGY USE-ENERGY EFFICIENCY
700 1# - ADDED ENTRY--PERSONAL NAME
Personal name Weeks, Caroline
942 ## - ADDED ENTRY ELEMENTS (KOHA)
Suppress in OPAC 0
Holdings
Withdrawn status Lost status Source of classification or shelving scheme Damaged status Not for loan Home library Current library Shelving location Date acquired Total Checkouts Full call number Barcode Date last seen Copy number Price effective from Koha item type
    Dewey Decimal Classification     London London BRE publications 14/09/2010   BRE 30075570 06/08/2019 1 06/08/2019 Book